Nghệ thuật kinh doanh

Gespeichert in:
Bibliographische Detailangaben
1. Verfasser: Trần Hữu Thực
Format: Buch
Sprache:Vietnamese
Veröffentlicht: Sunshine 1998
Tags: Tag hinzufügen
Keine Tags, Fügen Sie den ersten Tag hinzu!
Thư viện lưu trữ: Mạng thư viện Đại học Đà Nẵng
LEADER 00609nam a2200277 4500
001 000025778
003 1331
005 20150325120000.0
008 150325s vm 000 vie
020 |c 0,0000 
040 |a D4 
100 |a Trần Hữu Thực 
245 |a Nghệ thuật kinh doanh 
260 |b Sunshine  |c 1998 
300 |a 204tr. ; 
OWN |a LTT 
999 |a From the UDN01 
TYP |a Monograph 
TYP |a Printed language 
980 |a Mạng thư viện Đại học Đà Nẵng